Nicaragua: Minorías étnicas y autonomía
Збережено в:
| Формат: | Текст |
|---|---|
| Предмети: | |
| Теги: |
Додати тег
Немає тегів, Будьте першим, хто поставить тег для цього запису!
|
MARC
| LEADER | 00000 a a2200000 04500 | ||
|---|---|---|---|
| 001 | 17581 | ||
| 003 | |||
| 040 | |||
| 245 | |a Nicaragua: |b Minorías étnicas y autonomía | ||
| 500 | |a Antes se llamaba: ALAI SERVICIO MENSUAL DE INFORMACION Y DOCUMENTACION | ||
| 650 | |a IDENTIDAD CULTURAL | ||
| 650 | |a AUTONOMIA | ||
| 650 | |a GOBIERNO | ||
| 650 | |a MOVIMIENTOS SOCIALES | ||
| 773 | |g volumen 11, número 88; páginas 14-17 | ||
| 999 | |c 24587 |d 24587 | ||
